COVID 19 Symptoms - Statistics

General Stats
  • This quiz has been taken 85 times
  • The average score is 7 of 12
Answer Stats
COVID 19 Symptoms % Correct
Cough
92%
Fever / Chills
92%
Headache
69%
Fatigue
61%
Sore Throat
59%
Loss of Taste
55%
Loss of Smell
54%
Congestion / Runny Nose
52%
Nausea / Vomiting
48%
Diarrhea
35%
Shortness of Breath / Difficulty Breathing
34%
Muscle Ache / Body Ache
25%
No matching quizzes found
Score Distribution
Percent of People with Each Score
Percentile by Number Answered
Your Score History
You have not taken this quiz